000 00624nam a2200193Ii 4500
003 JO-AjNU
008 230605s9999||||xx |||||||||||||| ||und||
040 _aJO-AjNU
_bara
_erda
_cJO-AjNU
041 _aara
050 1 4 _aTL790.U9288 1988
100 3 _aعويضة، محمود احمد ,
_eauthor
_941187
245 0 0 _aرحلات الفضاء
264 3 1 _aعمان:الجمعية الملكية ،1988
300 _a262ص
_bصور توضيحية+ملخصات
336 _atext
_btxt
_2rdacontent
337 _aunmediated
_bn
_2rdamedia
338 _avolume
_bnc
_2rdacarrier
650 4 _aالفضاء-رحلات
_941188
999 _aA17540
_c21108
_d21108